<?xml version="1.0" encoding="UTF-8"?>
<record
    xmlns:xsi="http://www.w3.org/2001/XMLSchema-instance"
    xsi:schemaLocation="http://www.loc.gov/MARC21/slim http://www.loc.gov/standards/marcxml/schema/MARC21slim.xsd"
    xmlns="http://www.loc.gov/MARC21/slim">

  <leader>00723nam a2200169   4500</leader>
  <controlfield tag="008">240109b        |||||||| |||| 00| 0 eng d</controlfield>
  <datafield tag="020" ind1=" " ind2=" ">
    <subfield code="a">9551700163</subfield>
  </datafield>
  <datafield tag="082" ind1=" " ind2=" ">
    <subfield code="a">324.6</subfield>
    <subfield code="b">PEO</subfield>
  </datafield>
  <datafield tag="110" ind1=" " ind2=" ">
    <subfield code="a">People's Action for Free and Fair Elections (PAFFREL)</subfield>
  </datafield>
  <datafield tag="245" ind1=" " ind2=" ">
    <subfield code="a"> Final report on the elections for the North-Central and Sabaragamuwa Provincial Councils : </subfield>
    <subfield code="b">23rd August 2008</subfield>
  </datafield>
  <datafield tag="260" ind1=" " ind2=" ">
    <subfield code="a">Colombo:</subfield>
    <subfield code="b">People's Action for Free and Fair Elections, </subfield>
    <subfield code="c">2008</subfield>
  </datafield>
  <datafield tag="300" ind1=" " ind2=" ">
    <subfield code="a"> 30 p. : ill., maps ; 31 cm</subfield>
  </datafield>
  <datafield tag="650" ind1=" " ind2=" ">
    <subfield code="a">Election monitoring- Sri Lanka -North Central Province-Sabaragamuwa Province</subfield>
  </datafield>
  <datafield tag="650" ind1=" " ind2=" ">
    <subfield code="a">Elections Observation-Sri Lanka- North Central-Sabaragamuwa</subfield>
  </datafield>
  <datafield tag="650" ind1=" " ind2=" ">
    <subfield code="a">Provincial Council Elections- Sri Lanka</subfield>
  </datafield>
  <datafield tag="942" ind1=" " ind2=" ">
    <subfield code="c">RP</subfield>
  </datafield>
  <datafield tag="952" ind1=" " ind2=" ">
    <subfield code="0">0</subfield>
    <subfield code="1">0</subfield>
    <subfield code="2">ddc</subfield>
    <subfield code="4">0</subfield>
    <subfield code="7">0</subfield>
    <subfield code="a">MAIN</subfield>
    <subfield code="b">MAIN</subfield>
    <subfield code="d">2024-01-09</subfield>
    <subfield code="l">0</subfield>
    <subfield code="o">324.6 PEO</subfield>
    <subfield code="p">RAF4700</subfield>
    <subfield code="r">2024-01-09</subfield>
    <subfield code="w">2024-01-09</subfield>
    <subfield code="y">RP</subfield>
  </datafield>
  <datafield tag="999" ind1=" " ind2=" ">
    <subfield code="c">4609</subfield>
    <subfield code="d">4609</subfield>
  </datafield>
</record>
